000 00483nam a2200181Ia 4500
005 20250326144224.0
008 250326s9999 xx 000 0 und d
037 _aTextbook
040 _aFMSL
_beng
_cFMSL
041 _aeng
_2eng
084 _qFMSL
100 _aBECKHARD
_9749283
245 0 _aOrganisation development statigies
_cBECKHARD
260 _aUnited Kingdom
_bUnited Kingdom, Addison Wesley
_c1969
300 _a119p
942 _cTB
999 _c1302866
_d1302866